Spielbanken und Kriminalität

Gespeichert in:  
Bibliographische Detailangaben
Medienart: Druck Aufsatz
Sprache:Deutsch
Veröffentlicht: 1967
In: Monatsschrift für Kriminologie und Strafrechtsreform
Jahr: 1967, Band: 50, Heft: 2, Seiten: 61-70
Verfügbarkeit prüfen: HBZ Gateway
Schlagwörter:

MARC

LEADER 00000caa a2200000 c 4500
001 1640608400
003 DE-627
005 20220608132225.0
007 tu
008 140924s1967 xx ||||| 00| ||ger c
035 |a (DE-627)1640608400 
035 |a (DE-576)414799844 
035 |a (DE-599)BSZ414799844 
040 |a DE-627  |b ger  |c DE-627  |e rakwb 
041 |a ger 
245 0 0 |a Spielbanken und Kriminalität 
264 1 |c 1967 
336 |a Text  |b txt  |2 rdacontent 
337 |a ohne Hilfsmittel zu benutzen  |b n  |2 rdamedia 
338 |a Band  |b nc  |2 rdacarrier 
773 0 8 |i In  |t Monatsschrift für Kriminologie und Strafrechtsreform  |d Berlin : Walter de Gruyter GmbH, 1953  |g 50(1967), 2, Seite 61-70  |w (DE-627)129082368  |w (DE-600)3659-6  |w (DE-576)014415364  |x 0026-9301  |7 nnas 
773 1 8 |g volume:50  |g year:1967  |g number:2  |g pages:61-70 
951 |a AR 
ELC |b 1 
LOK |0 000 xxxxxcx a22 zn 4500 
LOK |0 001 3302529503 
LOK |0 003 DE-627 
LOK |0 004 1640608400 
LOK |0 005 20250509101238 
LOK |0 008 140924||||||||||||||||ger||||||| 
LOK |0 040   |a DE-21-110  |c DE-627  |d DE-21-110 
LOK |0 689   |a s  |a Spielbanken 
LOK |0 689   |a s  |a Kriminalität 
LOK |0 852   |a DE-21-110 
LOK |0 852 1  |m p  |9 00 
LOK |0 935   |a k110 
LOK |0 938   |k p 
LOK |0 939   |a 24-09-14  |b l01 
ORI |a SA-MARC-krimdoka001.raw